| 000 | 01497nam a2200229Ia 4500 | ||
|---|---|---|---|
| 001 | 15779 | ||
| 003 | GE_BSU | ||
| 008 | 181216s||||||||xx |||||||||||||| ||und|| | ||
| 040 | _cGE_BSU | ||
| 080 | _a821.353.1 + 94(479.22)(093) | ||
| 100 | _aჭავჭავაძე, ი. (ილია, 1837-1907) | ||
| 245 | _aნაწერების სრული კრებული : 9 ტომად.ტ. 6.საქართველოს მატიანე | ||
| 245 | _bსაქართველოს მატიანე. შედარებული პირველ-წყაროებთან და შევსებული ახალი ტექსტებით. | ||
| 245 | _cშედარებული პირველ წყაროებთან და შევს. ახალი ტექსტებით პავლე ინგოროყვას და ალ. აბაშელის რედაქციით. | ||
| 260 | _aტფილისი | ||
| 260 | _c1927 | ||
| 300 | _a370 გვ.19 სმ | ||
| 653 | _aნაწერების სრული კრებული | ||
| 653 | _aსაქართველოს ისტორიის წყაროები; | ||
| 653 | _aსაქართველოს მატიანე. შედარებული პირველ-წყაროებთან და შევსებული ახალი ტექსტებით. | ||
| 942 | _cBK | ||
| 999 |
_c48877 _d48877 |
||